都道府県別合計特殊出生率 2023年 - Statistics

General Stats
  • This quiz has been taken 32 times
  • The average score is 14 of 47
Answer Stats
都道府県 合計特殊出生率 % Correct
東京 0.99
100%
北海道 1.06
63%
沖縄 1.60
63%
宮城 1.07
54%
秋田 1.10
50%
京都 1.11
38%
神奈川 1.13
38%
千葉 1.14
38%
長崎 1.49
38%
宮崎 1.49
38%
埼玉 1.14
33%
大阪 1.19
33%
佐賀 1.46
33%
熊本 1.47
33%
鹿児島 1.48
33%
岩手 1.16
29%
栃木 1.19
29%
福島 1.21
29%
奈良 1.21
29%
山形 1.22
29%
茨城 1.22
29%
青森 1.23
29%
新潟 1.23
29%
群馬 1.25
29%
山口 1.40
29%
香川 1.40
29%
鳥取 1.44
29%
島根 1.46
29%
静岡 1.25
25%
滋賀 1.38
25%
大分 1.39
25%
福井 1.46
25%
福岡 1.26
21%
愛知 1.29
21%
高知 1.30
21%
愛媛 1.31
21%
広島 1.33
21%
徳島 1.36
21%
三重 1.29
17%
兵庫 1.29
17%
岐阜 1.31
17%
山梨 1.32
17%
岡山 1.32
17%
和歌山 1.33
17%
石川 1.34
17%
長野 1.34
17%
富山 1.35
17%
No matching quizzes found
Score Distribution
Percent of People with Each Score
Percentile by Number Answered
Your Score History
You have not taken this quiz